Statistics for Liberate Medici by Guessing Provinces and Regions (Just Cause 3)

Click here to take the quiz!

General Stats

  • This quiz has been taken 79 times
  • The average score is 20 of 32

Answers on the Map

Answers color-coded by a green-red scale on the quiz's map according to % correct below.
 

Answer Stats

Answer% Correct
Falco
81%
Baia
76%
{Capite} Est
76%
{Capite} West
76%
Soros
70%
Rocca Blau
68%
Corda Dracon
65%
Insula Dracon
65%
Insula Fonte
65%
Insula Striate
65%
Lavanda
65%
Montana
65%
Grande Pastura
62%
Maestrale
62%
Regno
62%
{Sirocco} Nord
62%
{Sirocco} Sud
62%
Prima
59%
Prospere
59%
Costa Sud
57%
Lacos
57%
Libeccio
57%
Trio
57%
Val de Mar
57%
Cauda
54%
Feno
54%
Litore Torto
54%
Petra
54%
Umbra
54%
Aspera
51%
Massos
51%
Plagia
51%

Score Distribution

Percentile by Number Answered

Percent of People with Each Score

Your Score History

You have not taken this quiz